000 01503nam a2200397 a 4500
001 Z_6043
003 CHAP
005 20240729185315.0
007 ta
008 220113s2000 ag a gr 001 0 sp d
010 _a169258
020 _a950-24-0423-9
040 _aZ
_cCHAP
041 0 _bespañol
_fespañol
082 0 0 _a636.510888
_bM33 2000
_220
100 1 _aMañas Perdomo, Rafael
_9143785
_eautor
245 1 0 _aEl gallo fino combatiente /
_cRafael Mañas Perdomo
260 _cc200
264 1 _aArgentina :
_bAlbatros,
_c2000
300 _a247 páginas:
_bilustraciones
336 _2rdacontent
_atexto
_btxt
337 _2rdamedia
_asin medio
_bn
338 _2rdacarrier
_avolumen
_bnc
500 _aej. 1: C/E
503 _aej.1: C/E
505 0 0 _gIntroducción -- Cría de aves de pelea -- Genética - Herencia -- Razas de pelea -- Galleras - Clubes formados en Argentina y otros países -- Literatura.
520 _aReñir gallos es un deporte o afición tan antiguo como la humanidad, y la manera de pelearlos es tan variada que puede decirse que cada país, cada región, cada pueblo y hasta cada barrio tiene características o modalidades propias fundadas en razones geográficas, étnicas, económicas, sociales y hasta culturales.
650 1 3 _aAves de corral
_98636
650 1 4 _aGallos de pelea
_9143786
650 1 4 _aPeleas de gallos
_9143787
901 _a636.510888 M33
902 _aM
910 _ac200
942 _cLIBRO
_2ddc
942 _cLIBRO
_2ddc
999 _c169258
_d169258